Criminology / (Record no. 133522)

MARC details
000 -LEADER
fixed length control field 00600nam a22002177a 4500
005 - DATE AND TIME OF LATEST TRANSACTION
control field 20170124110211.0
010 ## - LIBRARY OF CONGRESS CONTROL NUMBER
LC control number A-414522
020 ## - INTERNATIONAL STANDARD BOOK NUMBER
Terms of availability 30.00
035 ## - SYSTEM CONTROL NUMBER
System control number A-414522
037 ## - SOURCE OF ACQUISITION
Source of stock number/acquisition Cen Lib/Ret
040 ## - CATALOGING SOURCE
Original cataloging agency DPL
Language of cataloging EN
082 ## - DEWEY DECIMAL CLASSIFICATION NUMBER
Classification number 364
Item number PON
100 ## - MAIN ENTRY--PERSONAL NAME
Personal name Ponnaian, M
9 (RLIN) 15521
245 ## - TITLE STATEMENT
Title Criminology /
Statement of responsibility, etc by M. Ponnaian
260 ## - PUBLICATION, DISTRIBUTION, ETC. (IMPRINT)
Place of publication, distribution, etc Delhi
Name of publisher, distributor, etc Neelam Publishing House
Date of publication, distribution, etc 1987
270 ## - ADDRESS
Address 3558, Street Thane Singh, Sitaram Bazar
City Delhi
Postal code 110006
300 ## - PHYSICAL DESCRIPTION
Extent iv,191p.
Dimensions 21cm(Hb)
650 ## - SUBJECT ADDED ENTRY--TOPICAL TERM
Topical term or geographic name as entry element Punishment
9 (RLIN) 38172
650 ## - SUBJECT ADDED ENTRY--TOPICAL TERM
Topical term or geographic name as entry element Criminology
9 (RLIN) 38173
942 ## - ADDED ENTRY ELEMENTS (KOHA)
Source of classification or shelving scheme Dewey Decimal Classification
Koha item type English Books
Classification part 364
Call number suffix PON
Holdings
Withdrawn status Lost status Damaged status Not for loan Home library Current library Date acquired Source of acquisition Cost, normal purchase price Total Checkouts Full call number Barcode Date last seen Copy number Cost, replacement price Price effective from Koha item type
        Central Library Central Library 27/07/2015 Cen Lib/Ret 30.00   364 PON A-414522 27/07/2015 1 30.00 27/07/2015 English Books

© Delhi Public Library
Hit Counter
free hit counter